| 000 | 00324 a2200121 4500 | ||
|---|---|---|---|
| 001 | 86583 | ||
| 082 | _a398.2 LOK | ||
| 090 |
_c40760 _d40760 |
||
| 100 | _aPathana Khan | ||
| 245 |
_aPreservation of Pakistani Cultural Folklore (Audio CD) _hAudio CD |
||
| 260 |
_aLok Virsa _bLok Virsa Islamabad _c2012 |
||
| 500 | _aLok Virsa | ||
| 942 |
_aCAENUST _k398.2 LOK |
||
| 999 |
_c321656 _d321656 |
||